000 00660pam a2200205 a 4500
001 4381125
005 20170811105914.0
008 910227s1991 mauab b 001 0 eng
020 _a0821218670 :
040 _cPK-LaUMT
082 0 0 _a711.409
_220
_bKOS-C
100 1 _aKostof, Spiro
245 1 4 _aThe city shaped :
_burban patterns and meanings through history /
_cSpiro Kostof ; original drawings by Richard Tobias
260 _aBoston :
_bLittle, Brown,
_c1991
300 _a352 p. :
_bill. (some col.), maps ;
_c26 cm.
500 _a"A Bulfinch Press book."
650 0 _aCities and towns
_xHistory.
650 0 _aCities and towns
_xGrowth.
942 _cBK
999 _c96959
_d96959